| 000 | 00491nam a2200169 i 4500 | ||
|---|---|---|---|
| 001 | 146661 | ||
| 003 | ES-MaACL | ||
| 007 | t| | ||
| 008 | 070913s1953 sp ||||1| spa d | ||
| 080 | _a849.9.09 | ||
| 100 | 1 |
_aTriadú, Joan. _9111362 |
|
| 245 | 1 | 0 |
_aPanorama de la poesía catalana / _cJoan Triadú. |
| 260 |
_aBarcelona : _bAriel, _c1953. |
||
| 300 |
_a171 p. ; _c20 cm. |
||
| 500 | _aEs publicación de La Revista Segovia. Serie. Volumen 12. | ||
| 852 |
_aES-MaACL _jC-7332 _bR.35529 |
||
| 999 |
_c146661 _d146661 |
||